Skąd pochodzą znani ludzie - Statystyki

Ogólne statystyki
  • Ten quiz został rozwiązany 5 razy
  • Średni wynik to 8 z 9
Statystyki odpowiedzi
Ludź Odpowiedź % Poprawnych
Hitler Austria
100%
Napoleon Francja
100%
Stalin Gruzja
100%
Jan III Sobieski Polska
100%
Lenin Rosja
100%
Putin Rosja
100%
Musolini Wlochy
100%
Trump USA
67%
żydzi śmietnik
33%
Nie znaleziono quizów pasujących do podanych kryteriów
Rozkład punktacji
Procent ludzi z każdym wynikiem
Percentyl według liczby udzielonych odpowiedzi
Twoja historia wyników
Nie rozwiązałeś tego quizu